<?xml version="1.0" encoding="UTF-8"?>
<record
    xmlns:xsi="http://www.w3.org/2001/XMLSchema-instance"
    xsi:schemaLocation="http://www.loc.gov/MARC21/slim http://www.loc.gov/standards/marcxml/schema/MARC21slim.xsd"
    xmlns="http://www.loc.gov/MARC21/slim">

  <leader>01266nam0a22002771  4500</leader>
  <controlfield tag="001">rc\3623065</controlfield>
  <controlfield tag="005">20250610040924.0</controlfield>
  <datafield tag="021" ind1=" " ind2=" ">
    <subfield code="a">RU</subfield>
    <subfield code="b">[74-20546]</subfield>
  </datafield>
  <datafield tag="035" ind1=" " ind2=" ">
    <subfield code="a">(NLR Aleph) 007680642</subfield>
  </datafield>
  <datafield tag="090" ind1=" " ind2=" ">
    <subfield code="a">6534169</subfield>
    <subfield code="c">6534169</subfield>
  </datafield>
  <datafield tag="100" ind1=" " ind2=" ">
    <subfield code="a">20130115d1974    |||y0rusy50      ca</subfield>
  </datafield>
  <datafield tag="101" ind1="0" ind2=" ">
    <subfield code="a">rus</subfield>
  </datafield>
  <datafield tag="102" ind1=" " ind2=" ">
    <subfield code="a">RU</subfield>
  </datafield>
  <datafield tag="105" ind1=" " ind2=" ">
    <subfield code="a">a   z   |||a|</subfield>
  </datafield>
  <datafield tag="200" ind1="1" ind2=" ">
    <subfield code="a">&#x412;&#x435;&#x447;&#x43D;&#x43E; &#x441; &#x442;&#x43E;&#x431;&#x43E;&#x439;</subfield>
    <subfield code="e">&#x420;&#x43E;&#x43C;&#x430;&#x43D;, &#x440;&#x430;&#x441;&#x441;&#x43A;&#x430;&#x437;&#x44B;</subfield>
    <subfield code="f">[&#x418;&#x43B;.: &#x41D;. &#x41C;&#x43E;&#x43E;&#x441;]</subfield>
  </datafield>
  <datafield tag="210" ind1=" " ind2=" ">
    <subfield code="a">&#x421;&#x432;&#x435;&#x440;&#x434;&#x43B;&#x43E;&#x432;&#x441;&#x43A;</subfield>
    <subfield code="c">&#x421;&#x440;&#x435;&#x434;.-&#x423;&#x440;&#x430;&#x43B;&#x44C;&#x441;&#x43A;. &#x43A;&#x43D;. &#x438;&#x437;&#x434;-&#x432;&#x43E;</subfield>
    <subfield code="d">1974</subfield>
  </datafield>
  <datafield tag="215" ind1=" " ind2=" ">
    <subfield code="a">320 &#x441;.</subfield>
    <subfield code="c">&#x438;&#x43B;.</subfield>
    <subfield code="d">21</subfield>
  </datafield>
  <datafield tag="327" ind1="1" ind2=" ">
    <subfield code="a">&#x421;&#x43E;&#x434;&#x435;&#x440;&#x436;.: &#x412;&#x435;&#x447;&#x43D;&#x43E; &#x441; &#x442;&#x43E;&#x431;&#x43E;&#x439;: &#x420;&#x43E;&#x43C;&#x430;&#x43D;; &#x420;&#x430;&#x441;&#x441;&#x43A;&#x430;&#x437;&#x44B;: &#x414;&#x438;&#x43C;&#x43A;&#x438;&#x43D;&#x44B; &#x432;&#x43E;&#x440;&#x43E;&#x442;&#x430;; &#x421; &#x43F;&#x435;&#x441;&#x435;&#x43D;&#x43A;&#x43E;&#x439; &#x432;&#x430;&#x441;, &#x43B;&#x44E;&#x434;&#x438;!; &#x41E;&#x440;&#x43E;&#x431;&#x435;&#x432;&#x448;&#x430;&#x44F; &#x434;&#x443;&#x448;&#x430;; &#x415;&#x432;&#x433;&#x435;&#x43D;&#x438;&#x44F;; &#x41C;&#x438;&#x43C;&#x43E;&#x437;&#x44B;</subfield>
  </datafield>
  <datafield tag="464" ind1=" " ind2="0">
    <subfield code="1">2001#$a&#x412;&#x435;&#x447;&#x43D;&#x43E; &#x441; &#x442;&#x43E;&#x431;&#x43E;&#x439;$e&#x420;&#x43E;&#x43C;&#x430;&#x43D;$a&#x414;&#x438;&#x43C;&#x43A;&#x438;&#x43D;&#x44B; &#x432;&#x43E;&#x440;&#x43E;&#x442;&#x430;$e&#x420;&#x430;&#x441;&#x441;&#x43A;&#x430;&#x437;$a&#x421; &#x43F;&#x435;&#x441;&#x435;&#x43D;&#x43A;&#x43E;&#x439; &#x432;&#x430;&#x441;, &#x43B;&#x44E;&#x434;&#x438;!$e&#x420;&#x430;&#x441;&#x441;&#x43A;&#x430;&#x437;$a&#x41E;&#x440;&#x43E;&#x431;&#x435;&#x432;&#x448;&#x430;&#x44F; &#x434;&#x443;&#x448;&#x430;$e&#x420;&#x430;&#x441;&#x441;&#x43A;&#x430;&#x437;$a&#x415;&#x432;&#x433;&#x435;&#x43D;&#x438;&#x44F;$e&#x420;&#x430;&#x441;&#x441;&#x43A;&#x430;&#x437;$a&#x41C;&#x438;&#x43C;&#x43E;&#x437;&#x44B;$e&#x420;&#x430;&#x441;&#x441;&#x43A;&#x430;&#x437;</subfield>
    <subfield code="t">&#x41C;&#x438;&#x43C;&#x43E;&#x437;&#x44B;</subfield>
  </datafield>
  <datafield tag="700" ind1=" " ind2="1">
    <subfield code="a">&#x41C;&#x430;&#x440;&#x43A;&#x43E;&#x432;&#x430;</subfield>
    <subfield code="b">&#x41E;.&#x418;.</subfield>
    <subfield code="f">1908-1976</subfield>
    <subfield code="g">&#x41E;&#x43B;&#x44C;&#x433;&#x430; &#x418;&#x432;&#x430;&#x43D;&#x43E;&#x432;&#x43D;&#x430;</subfield>
  </datafield>
  <datafield tag="702" ind1=" " ind2="1">
    <subfield code="a">&#x41C;&#x43E;&#x43E;&#x441;</subfield>
    <subfield code="b">&#x41D;.</subfield>
    <subfield code="4">440</subfield>
  </datafield>
  <datafield tag="801" ind1=" " ind2="0">
    <subfield code="a">RU</subfield>
    <subfield code="b">NLR</subfield>
    <subfield code="g">psbo</subfield>
  </datafield>
  <datafield tag="801" ind1=" " ind2="1">
    <subfield code="a">RU</subfield>
    <subfield code="b">ELAR</subfield>
    <subfield code="2">rusmarc</subfield>
  </datafield>
  <datafield tag="852" ind1=" " ind2=" ">
    <subfield code="a">NLR</subfield>
    <subfield code="j">73-3/11493</subfield>
  </datafield>
  <datafield tag="942" ind1=" " ind2=" ">
    <subfield code="c">BOOK</subfield>
  </datafield>
  <datafield tag="980" ind1=" " ind2=" ">
    <subfield code="a">NB</subfield>
  </datafield>
  <datafield tag="995" ind1=" " ind2=" ">
    <subfield code="5">2013-10-26</subfield>
    <subfield code="b">NLR01</subfield>
    <subfield code="c">NLR01</subfield>
    <subfield code="e">RF91</subfield>
    <subfield code="f">7680642-10</subfield>
    <subfield code="k">73-3/11493</subfield>
    <subfield code="o">0</subfield>
    <subfield code="r">BOOK</subfield>
    <subfield code="s">73311493_</subfield>
  </datafield>
</record>
